00454 2200193 4500001002100000005001500021035002000036008004100056245003800097100001200135250000600147260003600153300001100189084001400200082000800214650001400222990001200236990001200248INLIS00000000000041020240430015420 a0010-0424000386240430 0 ind 1 aSelayang Pandang Papua /cGiyarto aGiyarto a1 aKlaten :bIntan Pariwara,c2009 a60 hlm a900 GIY s a900 4aNon Fiksi a0728659 a0728660